<?xml version="1.0" encoding="UTF-8"?>
<record
    xmlns:xsi="http://www.w3.org/2001/XMLSchema-instance"
    xsi:schemaLocation="http://www.loc.gov/MARC21/slim http://www.loc.gov/standards/marcxml/schema/MARC21slim.xsd"
    xmlns="http://www.loc.gov/MARC21/slim">

  <leader>01235njm a22002417a 4500</leader>
  <controlfield tag="005">20100907103351.0</controlfield>
  <controlfield tag="007">sd ammalaaahaa</controlfield>
  <controlfield tag="008">100907t        xxu||||| |||| 00| 0 hin d</controlfield>
  <datafield tag="028" ind1=" " ind2=" ">
    <subfield code="a">LH-8</subfield>
    <subfield code="b">Hindustan Record</subfield>
  </datafield>
  <datafield tag="035" ind1=" " ind2=" ">
    <subfield code="a">GR- 00998</subfield>
  </datafield>
  <datafield tag="040" ind1=" " ind2=" ">
    <subfield code="a">SED/VEN</subfield>
  </datafield>
  <datafield tag="100" ind1=" " ind2=" ">
    <subfield code="a">Saigal, K.L.</subfield>
    <subfield code="9">1184</subfield>
  </datafield>
  <datafield tag="245" ind1=" " ind2=" ">
    <subfield code="a">Shama Ka Jalna Hai Ya Sozish Parvana Part 1 :</subfield>
    <subfield code="b">Urdu Gazal /</subfield>
    <subfield code="c">by K.L. Saigal</subfield>
    <subfield code="h">[sound recording] :</subfield>
  </datafield>
  <datafield tag="246" ind1=" " ind2=" ">
    <subfield code="a">&#x936;&#x92E;&#x93E; &#x915;&#x93E; &#x91C;&#x932;&#x928;&#x93E; &#x939;&#x948; &#x92F;&#x93E; &#x938;&#x94B;&#x91C;&#x93F;&#x936; &#x92A;&#x930;&#x935;&#x93E;&#x928;&#x93E; (&#x915;&#x947; .&#x932; .&#x938;&#x948;&#x917;&#x932; ) </subfield>
    <subfield code="b">  </subfield>
  </datafield>
  <datafield tag="260" ind1=" " ind2=" ">
    <subfield code="a">Dum Dum, India</subfield>
    <subfield code="b">Hindustan Record</subfield>
  </datafield>
  <datafield tag="300" ind1=" " ind2=" ">
    <subfield code="a">1sound disc [Gramophone record] :</subfield>
    <subfield code="b">analog, 33. 1/3 rpm</subfield>
    <subfield code="c">7.5 in.</subfield>
    <subfield code="f">Gramophone record</subfield>
    <subfield code="g"> </subfield>
  </datafield>
  <datafield tag="500" ind1=" " ind2=" ">
    <subfield code="a">Brief record.</subfield>
  </datafield>
  <datafield tag="505" ind1=" " ind2=" ">
    <subfield code="a">Rahmat Pe Teri Mere Gunahoko (K.L. Saigal) &#x930;&#x939;&#x92E;&#x924; &#x92A;&#x947; &#x924;&#x947;&#x930;&#x940; &#x92E;&#x947;&#x930;&#x947; &#x917;&#x941;&#x928;&#x93E;&#x939;&#x94B;&#x902; &#x915;&#x94B; &#x92D;&#x93E;&#x917; &#x967;, ghar Ye Tera Sda Na Mera &#x939;&#x948;, &#x918;&#x930; &#x92F;&#x947; &#x924;&#x947;&#x930;&#x93E; &#x938;&#x926;&#x93E; &#x928; &#x92E;&#x947;&#x930;&#x93E; &#x939;&#x948; , Aahako Chhiye Ek Umr  &#x906;&#x939;&#x93E;&#x915;&#x94B; &#x91A;&#x939;&#x93F;&#x92F;&#x947; &#x90F;&#x915; &#x909;&#x92E;&#x94D;&#x930; &#x92D;&#x93E;&#x917; &#x968;  </subfield>
    <subfield code="t"> </subfield>
  </datafield>
  <datafield tag="650" ind1=" " ind2=" ">
    <subfield code="a">Classical Music</subfield>
    <subfield code="x">Excerpts</subfield>
    <subfield code="z">India</subfield>
    <subfield code="9">18680</subfield>
  </datafield>
  <datafield tag="700" ind1=" " ind2=" ">
    <subfield code="9">18681</subfield>
  </datafield>
  <datafield tag="942" ind1=" " ind2=" ">
    <subfield code="2">ddc</subfield>
    <subfield code="c">GR</subfield>
  </datafield>
  <datafield tag="999" ind1=" " ind2=" ">
    <subfield code="c">44246</subfield>
    <subfield code="d">44246</subfield>
  </datafield>
  <datafield tag="952" ind1=" " ind2=" ">
    <subfield code="0">0</subfield>
    <subfield code="1">0</subfield>
    <subfield code="2">ddc</subfield>
    <subfield code="4">0</subfield>
    <subfield code="7">1</subfield>
    <subfield code="a">L</subfield>
    <subfield code="b">L</subfield>
    <subfield code="d">2010-09-07</subfield>
    <subfield code="e">SED/VEN</subfield>
    <subfield code="l">0</subfield>
    <subfield code="p">GR-00998</subfield>
    <subfield code="r">2010-09-07 00:00:00</subfield>
    <subfield code="t">1</subfield>
    <subfield code="w">2010-09-07</subfield>
    <subfield code="y">GR</subfield>
  </datafield>
</record>
